[Event "Masters Tournament (MTO)"]
[Site "Biel, CH"]
[Date "2025.07.21"]
[Round "7"]
[White "Bai, Xue"]
[Black "Mueller, Konstantin"]
[Result "1/2-1/2"]
[Board "31"]
[WhiteFideId "8608717"]
[BlackFideId "34661778"]
[WhiteElo "2124"]
[BlackElo "2017"]
[WhiteTeam "CHN"]
[BlackTeam "GER"]
[WhiteClock "0:58:08"]
[BlackClock "0:01:40"]
[Variant "Standard"]

1. e4 {[%clk 1:40:56]}  e5 {[%clk 1:40:54]} 2. Nf3 {[%clk 1:41:22]}  Nf6 {[%clk 1:41:17]} 3. Nxe5 {[%clk 1:40:01]}  d6 {[%clk 1:41:38]} 4. Nf3 {[%clk 1:40:24]}  Nxe4 {[%clk 1:42:02]} 5. Nc3 {[%clk 1:40:48]}  Nxc3 {[%clk 1:41:55]} 6. dxc3 {[%clk 1:41:11]}  Be7 {[%clk 1:42:10]} 7. Be3 {[%clk 1:40:56]}  O-O {[%clk 1:42:20]} 8. Qd2 {[%clk 1:40:20]}  Nd7 {[%clk 1:40:16]} 9. O-O-O {[%clk 1:38:20]}  Nf6 {[%clk 1:39:53]} 10. Bd3 {[%clk 1:36:44]}  d5 {[%clk 1:38:25]} 11. Bg5 {[%clk 1:27:49]}  Bg4 {[%clk 1:22:48]} 12. Qf4 {[%clk 1:30:15]}  Qd6 {[%clk 1:01:22]} 13. Rde1 {[%clk 1:24:33]}  Qxf4+ {[%clk 0:58:22]} 14. Bxf4 {[%clk 1:24:56]}  Bc5 {[%clk 0:58:23]} 15. Bxc7 {[%clk 1:24:21]}  Bxf2 {[%clk 0:58:05]} 16. Re2 {[%clk 1:24:45]}  Bb6 {[%clk 0:43:00]} 17. Bxb6 {[%clk 1:17:57]}  axb6 {[%clk 0:43:24]} 18. a3 {[%clk 1:18:20]}  Rfe8 {[%clk 0:42:48]} 19. Rxe8+ {[%clk 1:17:30]}  Rxe8 {[%clk 0:42:42]} 20. Nd4 {[%clk 1:17:53]}  Nd7 {[%clk 0:33:44]} 21. h3 {[%clk 1:17:30]}  Be6 {[%clk 0:26:01]} 22. Re1 {[%clk 1:14:05]}  Nf8 {[%clk 0:26:06]} 23. Bb5 {[%clk 1:12:46]}  Rd8 {[%clk 0:25:21]} 24. Kb1 {[%clk 1:12:09]}  g6 {[%clk 0:24:26]} 25. Ka2 {[%clk 1:12:25]}  Kg7 {[%clk 0:24:24]} 26. Kb3 {[%clk 1:12:42]}  Kf6 {[%clk 0:24:37]} 27. Kb4 {[%clk 1:12:52]}  Ke7 {[%clk 0:24:32]} 28. a4 {[%clk 1:09:22]}  Kd6 {[%clk 0:23:24]} 29. c4 {[%clk 1:08:28]}  dxc4 {[%clk 0:23:08]} 30. Bxc4 {[%clk 1:07:35]}  Bxc4 {[%clk 0:14:03]} 31. Kxc4 {[%clk 1:07:59]}  Ne6 {[%clk 0:13:52]} 32. Nf3 {[%clk 0:54:58]}  Rc8+ {[%clk 0:12:50]} 33. Kb3 {[%clk 0:55:26]}  Nf4 {[%clk 0:08:24]} 34. Ne5 {[%clk 0:53:08]}  Nxg2 {[%clk 0:07:23]} 35. Nxf7+ {[%clk 0:53:32]}  Kd7 {[%clk 0:06:54]} 36. Re4 {[%clk 0:50:12]}  Re8 {[%clk 0:04:41]} 37. Ne5+ {[%clk 0:49:24]}  Kc7 {[%clk 0:03:59]} 38. c3 {[%clk 0:49:16]}  Re7 {[%clk 0:03:11]} 39. Kb4 {[%clk 0:43:54]}  Nf4 {[%clk 0:01:06]} 40. Rxf4 {[%clk 0:42:42]}  Rxe5 {[%clk 0:01:31]} 41. Rf7+ {[%clk 0:43:08]}  Kb8 {[%clk 0:01:55]} 42. Rxh7 {[%clk 0:43:30]}  Ka7 {[%clk 0:30:12]} 43. b3 {[%clk 1:11:17]}  Re4+ {[%clk 0:29:41]} 44. c4 {[%clk 1:11:41]}  Re3 {[%clk 0:29:40]} 45. h4 {[%clk 1:06:46]}  Rg3 {[%clk 0:29:56]} 46. Rg7 {[%clk 1:06:33]}  Rh3 {[%clk 0:29:11]} 47. Rxg6 {[%clk 1:06:50]}  Rxh4 {[%clk 0:29:34]} 48. Rg5 {[%clk 1:06:07]}  Rh3 {[%clk 0:29:30]} 49. Rb5 {[%clk 1:05:25]}  Rg3 {[%clk 0:29:31]} 50. a5 {[%clk 1:05:47]}  bxa5+ {[%clk 0:29:50]} 51. Kxa5 {[%clk 1:06:10]}  Rg6 {[%clk 0:29:34]} 52. c5 {[%clk 1:06:05]}  Rc6 {[%clk 0:29:17]} 53. Ka4 {[%clk 1:05:52]}  Rh6 {[%clk 0:29:32]} 54. Ra5+ {[%clk 1:06:15]}  Kb8 {[%clk 0:29:54]} 55. Kb5 {[%clk 1:06:38]}  Kc7 {[%clk 0:29:55]} 56. Ra8 {[%clk 1:06:52]}  Rh3 {[%clk 0:29:00]} 57. b4 {[%clk 1:07:17]}  Rh6 {[%clk 0:29:14]} 58. Rg8 {[%clk 1:07:18]}  Rh7 {[%clk 0:27:15]} 59. Ka5 {[%clk 1:07:08]}  Rh5 {[%clk 0:07:59]} 60. Rg7+ {[%clk 1:07:29]}  Kb8 {[%clk 0:07:03]} 61. Rg3 {[%clk 1:03:26]}  Ka7 {[%clk 0:06:30]} 62. Kb5 {[%clk 1:03:48]}  Rf5 {[%clk 0:06:41]} 63. Rg4 {[%clk 1:04:07]}  Kb8 {[%clk 0:06:12]} 64. Kc4 {[%clk 1:04:20]}  Rf1 {[%clk 0:04:19]} 65. b5 {[%clk 1:03:48]}  b6 {[%clk 0:00:46]} 66. c6 {[%clk 1:02:51]}  Rf7 {[%clk 0:01:02]} 67. Kd5 {[%clk 1:02:39]}  Kc7 {[%clk 0:01:15]} 68. Ke6 {[%clk 1:03:04]}  Rh7 {[%clk 0:01:26]} 69. Rf4 {[%clk 1:03:17]}  Rh6+ {[%clk 0:01:16]} 70. Rf6 {[%clk 1:02:53]}  Rh5 {[%clk 0:01:37]} 71. Rf7+ {[%clk 1:02:40]}  Kc8 {[%clk 0:02:00]} 72. Re7 {[%clk 1:02:11]}  Rh6+ {[%clk 0:01:52]} 73. Kd5 {[%clk 1:02:33]}  Rh5+ {[%clk 0:02:12]} 74. Kd6 {[%clk 1:02:52]}  Rh6+ {[%clk 0:01:59]} 75. Re6 {[%clk 1:03:16]}  Rh8 {[%clk 0:02:26]} 76. c7 {[%clk 1:02:29]}  Rg8 {[%clk 0:00:38]} 77. Rh6 {[%clk 1:01:59]}  Re8 {[%clk 0:00:34]} 78. Rh1 {[%clk 0:57:08]}  Rg8 {[%clk 0:00:55]} 79. Re1 {[%clk 0:56:29]}  Rg6+ {[%clk 0:01:11]} 80. Kd5 {[%clk 0:56:11]}  Kxc7 {[%clk 0:01:15]} 81. Re7+ {[%clk 0:56:37]}  Kb8 {[%clk 0:01:10]} 82. Re6 {[%clk 0:57:05]}  Rg8 {[%clk 0:01:23]} 83. Kc6 {[%clk 0:57:30]}  Rh8 {[%clk 0:00:52]} 84. Kxb6 {[%clk 0:57:55]}  Rg8 {[%clk 0:01:11]} 85. Ka6 {[%clk 0:58:19]}  Rh8 {[%clk 0:01:27]} 86. Re7 {[%clk 0:58:34]}  Rg8 {[%clk 0:01:40]} 87. Rb7+ {[%clk 0:58:08]} 1/2-1/2

[Event "Masters Tournament (MTO)"]
[Site "Biel, CH"]
[Date "2025.07.21"]
[Round "7"]
[White "Hottinger, Simon"]
[Black "Rappazzo, Johannes"]
[Result "0-1"]
[Board "32"]
[WhiteFideId "1350552"]
[BlackFideId "1340069"]
[BlackTitle "FM"]
[WhiteElo "1913"]
[BlackElo "2213"]
[WhiteTeam "SUI"]
[BlackTeam "SUI"]
[WhiteClock "0:09:57"]
[BlackClock "0:16:21"]
[Variant "Standard"]

1. e4 {[%clk 1:40:55]}  c5 {[%clk 1:40:56]} 2. Nf3 {[%clk 1:41:17]}  d6 {[%clk 1:41:23]} 3. d4 {[%clk 1:41:40]}  cxd4 {[%clk 1:41:51]} 4. Nxd4 {[%clk 1:42:02]}  Nf6 {[%clk 1:42:19]} 5. Nc3 {[%clk 1:42:11]}  a6 {[%clk 1:42:46]} 6. h3 {[%clk 1:42:13]}  e6 {[%clk 1:42:59]} 7. g4 {[%clk 1:42:36]}  Nfd7 {[%clk 1:43:26]} 8. Bg2 {[%clk 1:41:55]}  Be7 {[%clk 1:43:45]} 9. Be3 {[%clk 1:40:55]}  Nc6 {[%clk 1:43:27]} 10. O-O {[%clk 1:29:30]}  O-O {[%clk 1:40:44]} 11. f4 {[%clk 1:12:23]}  Nxd4 {[%clk 1:35:44]} 12. Bxd4 {[%clk 1:06:15]}  e5 {[%clk 1:21:49]} 13. Be3 {[%clk 1:02:33]}  exf4 {[%clk 1:19:55]} 14. Bxf4 {[%clk 1:02:42]}  Ne5 {[%clk 1:19:27]} 15. Nd5 {[%clk 0:59:38]}  Bg5 {[%clk 1:11:46]} 16. Qd4 {[%clk 0:45:44]}  Bxf4 {[%clk 0:41:23]} 17. Nxf4 {[%clk 0:44:10]}  Nc6 {[%clk 0:38:44]} 18. Qf2 {[%clk 0:42:26]}  Be6 {[%clk 0:26:12]} 19. b3 {[%clk 0:37:02]}  Qe7 {[%clk 0:25:28]} 20. Rad1 {[%clk 0:34:21]}  Ne5 {[%clk 0:23:58]} 21. Rd2 {[%clk 0:30:43]}  Rac8 {[%clk 0:21:51]} 22. Qg3 {[%clk 0:27:50]}  b5 {[%clk 0:18:24]} 23. Ne2 {[%clk 0:22:14]}  b4 {[%clk 0:14:47]} 24. c3 {[%clk 0:21:39]}  bxc3 {[%clk 0:11:13]} 25. Nxc3 {[%clk 0:22:07]}  Qg5 {[%clk 0:10:11]} 26. Rxd6 {[%clk 0:17:04]}  Nxg4 {[%clk 0:07:02]} 27. Nd5 {[%clk 0:16:10]}  Bxd5 {[%clk 0:03:36]} 28. hxg4 {[%clk 0:14:46]}  Be6 {[%clk 0:03:30]} 29. Rxa6 {[%clk 0:14:18]}  Bxg4 {[%clk 0:02:26]} 30. Qf4 {[%clk 0:13:44]}  Qc5+ {[%clk 0:02:24]} 31. Qf2 {[%clk 0:13:10]}  Be2 {[%clk 0:02:35]} 32. Ra7 {[%clk 0:05:59]}  Bxf1 {[%clk 0:02:45]} 33. Qxc5 {[%clk 0:06:22]}  Rxc5 {[%clk 0:03:12]} 34. Bxf1 {[%clk 0:06:43]}  Rc1 {[%clk 0:01:32]} 35. Kf2 {[%clk 0:06:51]}  h5 {[%clk 0:01:46]} 36. Bc4 {[%clk 0:02:27]}  h4 {[%clk 0:01:50]} 37. Kg2 {[%clk 0:02:04]}  g5 {[%clk 0:01:20]} 38. Ra5 {[%clk 0:02:07]}  Rc2+ {[%clk 0:01:14]} 39. Kf1 {[%clk 0:00:55]}  Rd8 {[%clk 0:01:13]} 40. Rxg5+ {[%clk 0:01:16]}  Kh7 {[%clk 0:01:06]} 41. Bd5 {[%clk 0:00:53]}  Kh6 {[%clk 0:26:15]} 42. Rg2 {[%clk 0:18:34]}  Rxg2 {[%clk 0:25:56]} 43. Kxg2 {[%clk 0:19:02]}  f5 {[%clk 0:17:21]} 44. a4 {[%clk 0:18:43]}  Kg5 {[%clk 0:16:26]} 45. a5 {[%clk 0:17:09]}  fxe4 {[%clk 0:16:34]} 46. Bxe4 {[%clk 0:15:04]}  Rd2+ {[%clk 0:16:56]} 47. Kh3 {[%clk 0:13:07]}  Ra2 {[%clk 0:17:19]} 48. b4 {[%clk 0:13:15]}  Ra4 {[%clk 0:17:19]} 49. Bd5 {[%clk 0:10:01]}  Rxb4 {[%clk 0:17:25]} 50. a6 {[%clk 0:10:25]}  Ra4 {[%clk 0:17:42]} 51. Bb7 {[%clk 0:10:46]}  Ra3+ {[%clk 0:18:04]} 52. Kh2 {[%clk 0:11:08]}  h3 {[%clk 0:15:41]} 53. Bc8 {[%clk 0:10:17]}  Kh4 {[%clk 0:15:51]} 54. Bb7 {[%clk 0:10:24]}  Ra2+ {[%clk 0:16:11]} 55. Kg1 {[%clk 0:09:57]}  Kg3 {[%clk 0:16:21]} 0-1

[Event "Masters Tournament (MTO)"]
[Site "Biel, CH"]
[Date "2025.07.21"]
[Round "7"]
[White "Harish, Neeraj"]
[Black "Hu, Yu A."]
[Result "0-1"]
[Board "33"]
[WhiteFideId "30958130"]
[BlackFideId "8609993"]
[WhiteTitle "CM"]
[WhiteElo "2212"]
[BlackElo "2079"]
[WhiteTeam "USA"]
[BlackTeam "CHN"]
[WhiteClock "0:27:55"]
[BlackClock "0:39:36"]
[Variant "Standard"]

1. c4 {[%clk 1:39:59]}  Nf6 {[%clk 1:40:44]} 2. g3 {[%clk 1:39:25]}  c6 {[%clk 1:40:19]} 3. Bg2 {[%clk 1:39:17]}  d5 {[%clk 1:39:38]} 4. Nf3 {[%clk 1:38:51]}  g6 {[%clk 1:35:36]} 5. b3 {[%clk 1:38:36]}  Bg7 {[%clk 1:34:52]} 6. Bb2 {[%clk 1:38:20]}  O-O {[%clk 1:34:39]} 7. O-O {[%clk 1:38:08]}  a5 {[%clk 1:30:35]} 8. e3 {[%clk 1:28:59]}  a4 {[%clk 1:23:51]} 9. bxa4 {[%clk 1:30:29]}  dxc4 {[%clk 1:29:48]} 10. Na3 {[%clk 1:30:21]}  Be6 {[%clk 1:27:05]} 11. Ng5 {[%clk 1:24:41]}  Bf5 {[%clk 1:27:00]} 12. e4 {[%clk 1:19:50]}  Bg4 {[%clk 1:15:08]} 13. Bf3 {[%clk 1:16:56]}  Bxf3 {[%clk 1:07:09]} 14. Nxf3 {[%clk 0:49:29]}  Nxe4 {[%clk 1:06:55]} 15. Bxg7 {[%clk 1:01:20]}  Kxg7 {[%clk 1:06:33]} 16. Nxc4 {[%clk 1:01:14]}  Nd7 {[%clk 0:59:10]} 17. Qc2 {[%clk 1:00:26]}  Ndf6 {[%clk 0:58:13]} 18. d4 {[%clk 0:53:24]}  Nd6 {[%clk 0:55:53]} 19. Rab1 {[%clk 0:51:07]}  Ra7 {[%clk 0:53:58]} 20. Rfe1 {[%clk 0:49:17]}  Nf5 {[%clk 0:46:42]} 21. a5 {[%clk 0:47:03]}  Qd5 {[%clk 0:45:08]} 22. Rb3 {[%clk 0:45:44]}  Nd6 {[%clk 0:43:31]} 23. Nb6 {[%clk 0:44:42]}  Qxa5 {[%clk 0:43:13]} 24. Rxe7 {[%clk 0:44:37]}  Qxa2 {[%clk 0:42:48]} 25. Qxa2 {[%clk 0:44:34]}  Rxa2 {[%clk 0:36:16]} 26. Ng5 {[%clk 0:40:48]}  Re8 {[%clk 0:34:46]} 27. Rbe3 {[%clk 0:39:57]}  Rxe7 {[%clk 0:34:37]} 28. Rxe7 {[%clk 0:39:22]}  Kf8 {[%clk 0:32:49]} 29. Rc7 {[%clk 0:34:25]}  h6 {[%clk 0:25:07]} 30. Nf3 {[%clk 0:33:14]}  Nfe8 {[%clk 0:41:13]} 31. Rd7 {[%clk 0:27:14]}  Ra6 {[%clk 0:39:05]} 32. Nc8 {[%clk 0:25:33]}  Nxc8 {[%clk 0:42:02]} 33. Rxb7 {[%clk 0:25:56]}  Ra7 {[%clk 0:42:08]} 34. Rb8 {[%clk 0:26:15]}  Rc7 {[%clk 0:41:25]} 35. Ne5 {[%clk 0:26:00]}  Kg7 {[%clk 0:40:49]} 36. Ra8 {[%clk 0:25:20]}  Ned6 {[%clk 0:40:34]} 37. Ra6 {[%clk 0:24:23]}  c5 {[%clk 0:40:27]} 38. dxc5 {[%clk 0:24:20]}  Rxc5 {[%clk 0:40:18]} 39. Nf3 {[%clk 0:23:43]}  Rc2 {[%clk 0:40:00]} 40. Ra4 {[%clk 0:22:11]}  Nb6 {[%clk 0:39:45]} 41. Ra6 {[%clk 0:27:55]}  Nbc4 {[%clk 0:39:36]} 0-1

[Event "Masters Tournament (MTO)"]
[Site "Biel, CH"]
[Date "2025.07.21"]
[Round "7"]
[White "Ho, Carter"]
[Black "Kanana, Ziad"]
[Result "1/2-1/2"]
[Board "34"]
[WhiteFideId "30965292"]
[BlackFideId "1346911"]
[WhiteTitle "CM"]
[WhiteElo "2208"]
[BlackElo "2062"]
[WhiteTeam "USA"]
[BlackTeam "SUI"]
[WhiteClock "0:26:01"]
[BlackClock "0:11:15"]
[Variant "Standard"]

1. e4 {[%clk 1:40:51]}  e5 {[%clk 1:40:52]} 2. Nf3 {[%clk 1:41:10]}  Nc6 {[%clk 1:41:19]} 3. Bc4 {[%clk 1:41:23]}  Nf6 {[%clk 1:41:43]} 4. d3 {[%clk 1:41:44]}  h6 {[%clk 1:41:30]} 5. O-O {[%clk 1:42:00]}  d6 {[%clk 1:42:29]} 6. c3 {[%clk 1:42:20]}  g5 {[%clk 1:42:52]} 7. a4 {[%clk 1:42:05]}  Bg7 {[%clk 1:43:05]} 8. Nbd2 {[%clk 1:40:58]}  a5 {[%clk 1:38:03]} 9. Bb3 {[%clk 1:40:31]}  Qe7 {[%clk 1:36:22]} 10. Nc4 {[%clk 1:39:24]}  Be6 {[%clk 1:32:38]} 11. Ne3 {[%clk 1:36:35]}  Qd7 {[%clk 1:28:04]} 12. Re1 {[%clk 1:33:36]}  d5 {[%clk 1:08:51]} 13. exd5 {[%clk 1:15:14]}  Nxd5 {[%clk 1:34:50]} 14. Nxd5 {[%clk 1:15:18]}  Bxd5 {[%clk 1:31:52]} 15. d4 {[%clk 1:11:05]}  O-O-O {[%clk 1:26:57]} 16. Nxe5 {[%clk 1:09:42]}  Bxe5 {[%clk 1:29:40]} 17. dxe5 {[%clk 1:09:07]}  Qe6 {[%clk 1:27:22]} 18. Bxd5 {[%clk 1:06:59]}  Rxd5 {[%clk 1:23:05]} 19. Qb3 {[%clk 0:43:48]}  Nxe5 {[%clk 1:07:06]} 20. Be3 {[%clk 0:38:25]}  Rhd8 {[%clk 0:53:50]} 21. c4 {[%clk 0:22:45]}  Rd3 {[%clk 0:50:38]} 22. Qb5 {[%clk 0:16:32]}  c6 {[%clk 0:48:43]} 23. Qxa5 {[%clk 0:10:57]}  Nxc4 {[%clk 0:46:30]} 24. Qa8+ {[%clk 0:10:26]}  Kc7 {[%clk 0:41:38]} 25. Qa7 {[%clk 0:07:06]}  Nxe3 {[%clk 0:27:51]} 26. Qa5+ {[%clk 0:00:54]}  Kb8 {[%clk 0:32:30]} 27. Rxe3 {[%clk 0:21:36]}  Rd1+ {[%clk 0:32:25]} 28. Re1 {[%clk 0:18:40]}  Qxe1+ {[%clk 0:30:07]} 29. Qxe1 {[%clk 0:21:55]}  Rxe1+ {[%clk 0:30:35]} 30. Rxe1 {[%clk 0:16:31]}  Rd2 {[%clk 0:21:14]} 31. Rb1 {[%clk 0:15:21]}  Ka7 {[%clk 0:20:28]} 32. Kf1 {[%clk 0:22:24]}  Kb6 {[%clk 0:12:36]} 33. b4 {[%clk 0:17:40]}  Ra2 {[%clk 0:12:17]} 34. a5+ {[%clk 0:15:38]}  Kb5 {[%clk 0:11:44]} 35. Rd1 {[%clk 0:14:02]}  Kxb4 {[%clk 0:08:43]} 36. Rd7 {[%clk 0:16:58]}  Rxa5 {[%clk 0:07:54]} 37. Rxb7+ {[%clk 0:17:20]}  Kc3 {[%clk 0:06:56]} 38. Rxf7 {[%clk 0:13:11]}  h5 {[%clk 0:04:24]} 39. Ke2 {[%clk 0:14:37]}  Re5+ {[%clk 0:04:43]} 40. Kf3 {[%clk 0:12:07]}  c5 {[%clk 0:03:28]} 41. g4 {[%clk 0:00:33]}  hxg4 {[%clk 0:00:38]} 42. Kxg4 {[%clk 0:26:18]}  c4 {[%clk 0:30:10]} 43. f4 {[%clk 0:24:53]}  gxf4 {[%clk 0:29:22]} 44. Rxf4 {[%clk 0:25:00]}  Kd3 {[%clk 0:28:16]} 45. Rf7 {[%clk 0:21:43]}  c3 {[%clk 0:26:56]} 46. Rd7+ {[%clk 0:18:43]}  Kc4 {[%clk 0:25:02]} 47. Rd1 {[%clk 0:16:34]}  c2 {[%clk 0:20:04]} 48. Rc1 {[%clk 0:23:25]}  Kc3 {[%clk 0:20:25]} 49. h4 {[%clk 0:23:48]}  Kd2 {[%clk 0:20:44]} 50. Rxc2+ {[%clk 0:23:30]}  Kxc2 {[%clk 0:21:08]} 51. h5 {[%clk 0:18:17]}  Kd3 {[%clk 0:15:14]} 52. h6 {[%clk 0:15:26]}  Ke4 {[%clk 0:12:48]} 53. h7 {[%clk 0:24:33]}  Re8 {[%clk 0:13:11]} 54. Kg5 {[%clk 0:24:58]}  Ra8 {[%clk 0:12:52]} 55. Kf6 {[%clk 0:24:29]}  Kf4 {[%clk 0:12:42]} 56. Kg7 {[%clk 0:25:30]}  Ra7+ {[%clk 0:12:55]} 57. Kg8 {[%clk 0:25:42]}  Kg5 {[%clk 0:11:17]} 58. h8=Q {[%clk 0:26:01]}  Ra8+ {[%clk 0:11:15]} 59. Kh7 {[%clk 0:26:01]} 1/2-1/2

[Event "Masters Tournament (MTO)"]
[Site "Biel, CH"]
[Date "2025.07.21"]
[Round "7"]
[White "Yash Abhijit Patil"]
[Black "Paul, Mathias"]
[Result "1/2-1/2"]
[Board "35"]
[WhiteFideId "25602110"]
[BlackFideId "24694606"]
[WhiteElo "2186"]
[BlackElo "2051"]
[WhiteTeam "IND"]
[BlackTeam "GER"]
[WhiteClock "0:49:11"]
[BlackClock "0:11:42"]
[Variant "Standard"]

1. d4 {[%clk 1:40:29]}  Nf6 {[%clk 1:40:51]} 2. Nf3 {[%clk 1:40:31]}  g6 {[%clk 1:41:09]} 3. g3 {[%clk 1:40:45]}  Bg7 {[%clk 1:41:08]} 4. Bg2 {[%clk 1:39:39]}  c5 {[%clk 1:41:01]} 5. O-O {[%clk 1:38:35]}  cxd4 {[%clk 1:40:06]} 6. Nxd4 {[%clk 1:38:46]}  h5 {[%clk 1:40:25]} 7. h4 {[%clk 1:33:50]}  O-O {[%clk 1:37:50]} 8. c4 {[%clk 1:33:57]}  Nc6 {[%clk 1:36:32]} 9. Nb3 {[%clk 1:32:18]}  d6 {[%clk 1:34:01]} 10. Nc3 {[%clk 1:32:02]}  Bf5 {[%clk 1:29:39]} 11. Bf4 {[%clk 1:30:25]}  Rc8 {[%clk 1:20:56]} 12. Rc1 {[%clk 1:28:07]}  b6 {[%clk 1:07:30]} 13. e4 {[%clk 1:16:58]}  Bg4 {[%clk 1:08:18]} 14. f3 {[%clk 1:13:52]}  Be6 {[%clk 1:08:14]} 15. Nd5 {[%clk 1:14:06]}  Nd7 {[%clk 1:01:03]} 16. Qe2 {[%clk 1:07:48]}  Nc5 {[%clk 0:48:10]} 17. Be3 {[%clk 0:59:00]}  Na4 {[%clk 0:37:01]} 18. Rc2 {[%clk 1:12:15]}  Qd7 {[%clk 0:36:39]} 19. Kh2 {[%clk 0:57:25]}  f5 {[%clk 0:28:53]} 20. f4 {[%clk 0:50:42]}  fxe4 {[%clk 0:23:58]} 21. Bxe4 {[%clk 0:57:07]}  Bg4 {[%clk 0:22:37]} 22. Qd2 {[%clk 0:56:17]}  e6 {[%clk 0:20:43]} 23. Nb4 {[%clk 0:56:09]}  Nxb4 {[%clk 0:20:18]} 24. Qxb4 {[%clk 0:56:30]}  Bf5 {[%clk 0:18:58]} 25. Bxf5 {[%clk 0:56:06]}  exf5 {[%clk 0:10:39]} 26. Bd4 {[%clk 0:50:01]}  Nc5 {[%clk 0:15:22]} 27. Bxc5 {[%clk 0:49:47]}  dxc5 {[%clk 0:11:44]} 28. Qd2 {[%clk 0:49:43]}  Rcd8 {[%clk 0:11:42]} 29. Qb4 {[%clk 0:49:11]} 1/2-1/2

[Event "Masters Tournament (MTO)"]
[Site "Biel, CH"]
[Date "2025.07.21"]
[Round "7"]
[White "Guretchii, Kirill"]
[Black "Schnell, Simon"]
[Result "1-0"]
[Board "36"]
[WhiteFideId "13911872"]
[BlackFideId "1345311"]
[WhiteElo "2029"]
[BlackElo "2144"]
[WhiteTeam "MDA"]
[BlackTeam "SUI"]
[WhiteClock "0:03:27"]
[BlackClock "0:12:45"]
[Variant "Standard"]

1. d4 {[%clk 1:40:01]}  d5 {[%clk 1:40:59]} 2. c4 {[%clk 1:40:02]}  e6 {[%clk 1:41:25]} 3. Nf3 {[%clk 1:40:26]}  c5 {[%clk 1:41:09]} 4. cxd5 {[%clk 1:40:44]}  exd5 {[%clk 1:42:19]} 5. g3 {[%clk 1:41:04]}  Nc6 {[%clk 1:42:44]} 6. Bg2 {[%clk 1:41:28]}  Nf6 {[%clk 1:42:34]} 7. O-O {[%clk 1:41:53]}  Be7 {[%clk 1:43:34]} 8. dxc5 {[%clk 1:42:14]}  Bxc5 {[%clk 1:44:00]} 9. a3 {[%clk 1:42:34]}  Ne4 {[%clk 1:44:12]} 10. Nfd2 {[%clk 1:40:50]}  f5 {[%clk 1:44:24]} 11. Nc3 {[%clk 1:40:44]}  Be6 {[%clk 1:44:05]} 12. Nb3 {[%clk 1:40:11]}  Bb6 {[%clk 1:44:15]} 13. Na4 {[%clk 1:40:23]}  d4 {[%clk 1:39:46]} 14. Nxb6 {[%clk 1:40:07]}  Qxb6 {[%clk 1:39:56]} 15. Nd2 {[%clk 1:40:23]}  Nxd2 {[%clk 1:36:46]} 16. Qxd2 {[%clk 1:38:25]}  O-O {[%clk 1:38:57]} 17. b4 {[%clk 1:19:36]}  Rf7 {[%clk 1:31:07]} 18. Bb2 {[%clk 1:19:13]}  Rd8 {[%clk 1:24:20]} 19. Rac1 {[%clk 1:18:30]}  Ne5 {[%clk 1:18:49]} 20. Rc5 {[%clk 1:10:13]}  Nc4 {[%clk 1:13:52]} 21. Qc2 {[%clk 1:12:35]}  Rc7 {[%clk 1:13:04]} 22. Rxc7 {[%clk 1:12:12]}  Qxc7 {[%clk 1:12:33]} 23. Rd1 {[%clk 1:05:25]}  Qb6 {[%clk 1:12:03]} 24. Qb1 {[%clk 1:03:21]}  h6 {[%clk 1:03:41]} 25. Qa1 {[%clk 1:03:16]}  Nxb2 {[%clk 1:03:15]} 26. Qxb2 {[%clk 1:03:39]}  Rd7 {[%clk 1:02:58]} 27. Rd2 {[%clk 1:02:45]}  Kh8 {[%clk 1:01:51]} 28. Bf3 {[%clk 1:00:16]}  Qd8 {[%clk 0:58:45]} 29. Qc2 {[%clk 0:56:19]}  b6 {[%clk 0:54:05]} 30. Bc6 {[%clk 0:53:43]}  Rd6 {[%clk 0:52:26]} 31. b5 {[%clk 0:47:43]}  Bd7 {[%clk 0:37:00]} 32. Qc4 {[%clk 0:45:12]}  Be6 {[%clk 0:31:15]} 33. Qc2 {[%clk 0:43:25]}  Bd7 {[%clk 0:25:38]} 34. Qa4 {[%clk 0:35:52]}  Qf6 {[%clk 0:26:24]} 35. Rc2 {[%clk 0:31:43]}  Kh7 {[%clk 0:13:07]} 36. Qc4 {[%clk 0:19:29]}  Be6 {[%clk 0:17:51]} 37. Qd3 {[%clk 0:18:43]}  Bd5 {[%clk 0:13:02]} 38. Bxd5 {[%clk 0:18:20]}  Rxd5 {[%clk 0:13:31]} 39. a4 {[%clk 0:13:47]}  Qe6 {[%clk 0:03:23]} 40. Rc7 {[%clk 0:09:32]}  Rc5 {[%clk 0:01:40]} 41. Rxa7 {[%clk 0:05:50]}  Qd5 {[%clk 0:01:54]} 42. Qf3 {[%clk 0:01:56]}  Qxf3 {[%clk 0:29:45]} 43. exf3 {[%clk 0:30:26]}  Rc1+ {[%clk 0:28:10]} 44. Kg2 {[%clk 0:30:50]}  Ra1 {[%clk 0:28:12]} 45. f4 {[%clk 0:28:05]}  h5 {[%clk 0:22:25]} 46. Kf3 {[%clk 0:27:47]}  Ra3+ {[%clk 0:24:11]} 47. Ke2 {[%clk 0:22:28]}  h4 {[%clk 0:23:39]} 48. gxh4 {[%clk 0:21:16]}  Kh6 {[%clk 0:22:57]} 49. f3 {[%clk 0:20:43]}  g6 {[%clk 0:06:46]} 50. h5 {[%clk 0:06:02]}  gxh5 {[%clk 0:05:39]} 51. h4 {[%clk 0:04:56]}  Kg6 {[%clk 0:21:03]} 52. Ra6 {[%clk 0:05:04]}  Kf7 {[%clk 0:16:39]} 53. Kd2 {[%clk 0:05:17]}  Ke6 {[%clk 0:12:52]} 54. Rxb6+ {[%clk 0:04:18]}  Kd5 {[%clk 0:13:21]} 55. Ra6 {[%clk 0:03:46]}  Kc4 {[%clk 0:13:14]} 56. Rc6+ {[%clk 0:03:09]}  Kd5 {[%clk 0:13:43]} 57. Rc2 {[%clk 0:01:10]}  Rxa4 {[%clk 0:04:32]} 58. Rb2 {[%clk 0:03:31]}  Kc4 {[%clk 0:04:55]} 59. b6 {[%clk 0:03:53]}  Ra8 {[%clk 0:05:22]} 60. b7 {[%clk 0:04:01]}  Rb8 {[%clk 0:05:51]} 61. Rc2+ {[%clk 0:03:18]}  Kd5 {[%clk 0:06:20]} 62. Rc7 {[%clk 0:02:33]}  Kd6 {[%clk 0:06:49]} 63. Rh7 {[%clk 0:02:29]}  Kd5 {[%clk 0:06:51]} 64. Kd3 {[%clk 0:02:36]}  Re8 {[%clk 0:06:20]} 65. Re7 {[%clk 0:02:05]}  Rb8 {[%clk 0:06:10]} 66. Re5+ {[%clk 0:02:16]}  Kd6 {[%clk 0:06:39]} 67. Rb5 {[%clk 0:01:49]}  Kc6 {[%clk 0:07:09]} 68. Rb1 {[%clk 0:02:14]}  Kc5 {[%clk 0:07:20]} 69. Rb3 {[%clk 0:02:33]}  Kd5 {[%clk 0:07:48]} 70. Rb5+ {[%clk 0:02:35]}  Kc6 {[%clk 0:08:18]} 71. Rxf5 {[%clk 0:02:47]}  Rxb7 {[%clk 0:08:45]} 72. Kxd4 {[%clk 0:02:48]}  Kd6 {[%clk 0:08:50]} 73. Rxh5 {[%clk 0:02:04]}  Rb4+ {[%clk 0:09:20]} 74. Ke3 {[%clk 0:02:26]}  Ke6 {[%clk 0:09:49]} 75. Ra5 {[%clk 0:01:25]}  Rb1 {[%clk 0:09:41]} 76. Kf2 {[%clk 0:02:04]}  Rh1 {[%clk 0:09:53]} 77. Kg3 {[%clk 0:01:19]}  Kf6 {[%clk 0:10:12]} 78. f5 {[%clk 0:01:15]}  Rb1 {[%clk 0:10:13]} 79. Kg4 {[%clk 0:01:36]}  Rb4+ {[%clk 0:10:35]} 80. f4 {[%clk 0:01:59]}  Rb1 {[%clk 0:10:54]} 81. Ra6+ {[%clk 0:02:23]}  Kg7 {[%clk 0:11:22]} 82. f6+ {[%clk 0:02:42]}  Kg6 {[%clk 0:11:31]} 83. h5+ {[%clk 0:02:54]}  Kf7 {[%clk 0:11:55]} 84. Kg5 {[%clk 0:03:05]}  Rg1+ {[%clk 0:12:23]} 85. Kf5 {[%clk 0:03:27]}  Rh1 {[%clk 0:12:48]} 86. Ra7+ {[%clk 0:03:49]}  Kf8 {[%clk 0:13:17]} 87. h6 {[%clk 0:02:57]}  Rh2 {[%clk 0:12:42]} 88. h7 {[%clk 0:03:13]}  Rh1 {[%clk 0:12:45]} 89. Rg7 {[%clk 0:03:27]} 1-0